01161cam a2200313 a 450000100090000000300050000900500170001400800410003101000170007202000400008903800110012904000180014004200090015805000240016708200130019110000220020424500360022625000170026226000350027930000210031449000270033550000260036252001860038865000290057465000130060380000470061685600960066385600880075912960381Nust20180730092831.0021008s2003 nyu d 000 1 eng  a 2002028335 a9781408804469 (alk. paper)cRs. 620 aArshad aDLCcDLCdDLC alcac00aPZ7.C9295bDar 200300a823bCUR1 aCurley, Marianne.14aThe dark /cby Marianne Curley. a1st U.S. ed. aNew York :bBloomsbury,c2003. a333 p. ;c21 cm.1 aGuardians of time ;v2 aSequel to: The named. aWhen their 600-year-old mentor Arkarian is captured by the evil Marduke and banished to the underworld, sixteen-year-old Ethan and his apprentice Isabel risk everything to save him. 1aSpace and timevFiction. 1aFantasy.1 aCurley, Marianne.tGuardians of time ;v2.423Contributor biographical informationuhttp://www.loc.gov/catdir/bios/hol053/2002028335.html423Publisher descriptionuhttp://www.loc.gov/catdir/description/hol041/2002028335.html